Score 0/7 Timer 03:00
13 Plays Today
% Correct
Hermione Granger and the Criticism of the Levitation Charm Pronunciation
87%
Hermione Granger and the Time-Travelling Class Schedule
84.6%
Hermione Granger and the Unfortunate Petrification
84%
Hermione Granger and the Hair of Bellatrix
82.7%
Hermione Granger and the Lavender Rivalry
76%
Hermione Granger and the Captured Beetle
68.1%
Hermione Granger and the Headmistress Centaur Ruse
67.1%

You're not logged in!

Compare scores with friends on all Sporcle quizzes.
OR
Log In

Sporcle TV

Today on Sporcle TV


Watch our educational content, quiz creation guides, and fun videos on Sporcle TV.

Show Comments

Extras

Top Quizzes Today


Score Distribution

Paid Content

Your Account Isn't Verified!

In order to create a playlist on Sporcle, you need to verify the email address you used during registration. Go to your Sporcle Settings to finish the process.

Report this User

Report this user for behavior that violates our Community Guidelines.

Details: